000 00847nam a22002777a 4500
001 BR9101298
003 BR-BrBNA
005 20230928093536.0
007 ta
008 230509b bl.||||| |||| 00| 0 por d
040 _aBR-BrBNA
_bpor
_cBiblioteca Nacional de Agricultura
041 _a(Por)
072 _aE10
_b/G514
090 _ E10 BR9101298
100 1 _aAbdallah, P.R.
110 1 _aUniversidade Federal de Vicosa, MG (Brasil)
_0Tese (Magister Scientiae)
245 1 _aAgricultura e propagacao inflacionaria
260 3 _aVicosa, MG (Brasil):
_c1989.
300 _a67 p.
500 _a6 tables; 41 ref.; Summary (Por). (*) Documento disponível na(o) Universidade Federal de Vicosa MG (Brazil)
650 _aINFLACAO
650 _aPRECO
650 _aECONOMIA AGRICOLA
909 _a202309
_bLucia
_c55
_dLucia Elande
942 _cBK
999 _c45594
_d45594